000 00722nam a22002171i 4500
001 000030297
003 RuMoIPM
005 20260414105830.0
008 130416s1965----ur | c rus
040 _aRuMoIPM
_brus
_ercr
041 0 _arus
080 _a51(092)
100 1 _aКолесников, Михаил Сергеевич
245 1 _aЛобачевский
_cМ. Колесников
260 _aМосква
_bМолодая гвардия
_c1965
300 _a319 с., [9] л. ил.
490 0 _aЖизнь замечательных людей
_vВып. 3 [400]
504 _aБиблиогр. в конце кн.
600 1 _aЛобачевский, Николай Иванович
942 _cBK
999 _c30297
_d30297